[Event "Ekaterinburg Scerbin Memorial Blitz"]
[Site "Ekaterinburg"]
[Date "2024.01.12"]
[Round "1"]
[White "Shalimov, Arsenty"]
[Black "Shimanov, Aleksandr"]
[Result "0-1"]
[WhiteElo "1072"]
[BlackElo "2578"]
[PlyCount "72"]
[EventDate "2024.01.12"]
[EventType "swiss (blitz)"]
[EventRounds "13"]
[EventCountry "RUS"]
[SourceTitle "CB03_2024"]
[SourceDate "2024.01.17"]
[SourceVersion "1"]
[SourceVersionDate "2024.01.17"]
[SourceQuality "1"]

1. e4 Nc6 2. d4 d5 3. e5 Bf5 4. Nf3 e6 5. c3 f6 6. Bd3 Bxd3 7. Qxd3 fxe5 8. dxe5 Qd7 9. Be3 Nge7 10. Nbd2 Ng6 11. Qb5 0-0-0 12. 0-0-0 Ncxe5 13. Qa5 Nc6 14. Qa4 a6 15. Nb3 e5 16. Rhe1 e4 17. Ng5 Nce5 18. Qd4 Nc6 19. Qa4 Qf5 20. Nd4 Nxd4 21. Qxd4 c5 22. Qa4 Be7 23. f4 Nxf4 24. Nh3 Nxg2 25. Rf1 Qxh3 26. Rf7 Qe6 27. Rxg7 Nxe3 28. Rdg1 Rhf8 29. b3 d4 30. cxd4 Rxd4 31. Qa5 Rfd8 32. Rxh7 Rd1+ 33. Rxd1 Rxd1+ 34. Kb2 Bf6+ 35. Ka3 Nc2+ 36. Ka4 Qc6+ 0-1